| 000 | nam a22 a 4500 | ||
|---|---|---|---|
| 999 |
_c3316 _d3316 |
||
| 005 | 20170522113211.0 | ||
| 008 | 170522b1993 at ||||| |||| 00| 0 eng d | ||
| 020 | _a1875680039 | ||
| 040 | _aAKMAL | ||
| 082 | _a658.4012 LIM | ||
| 090 |
_a658.4012 _bLIM |
||
| 245 |
_aManaging the New Organisation / _cDavid Limerick |
||
| 260 |
_aAustralia _bBusiness & Professional Publishing _c1993 |
||
| 300 |
_a270 p. _ccm |
||
| 942 |
_2ddc _cBOOK |
||